Statistics for Top 20 Best Country Flags

Click here to take the quiz!

General Stats

  • This quiz has been taken 101 times
    (86 since last reset)
  • The average score is 17 of 20

Answer Stats

Answer% Correct
Georgia
99%
Iran
97%
Israel
96%
Cyprus
93%
Kazakhstan
93%
Bhutan
92%
North Korea
92%
South Africa
92%
Lebanon
90%
Nepal
89%
North Macedonia
87%
Tunisia
85%
Kosovo
83%
Kyrgyzstan
83%
Mongolia
82%
San Marino
82%
Papua New Guinea
80%
Kiribati
76%
Marshall Islands
73%
Namibia
72%

Score Distribution

Percentile by Number Answered

Percent of People with Each Score

Your Score History

You have not taken this quiz since the last reset